| 000 | 00475nam a2200169Ia 4500 | ||
|---|---|---|---|
| 003 | IN-BaIIA | ||
| 008 | 211028s9999 xx 000 0 eng d | ||
| 040 | _cIIA Library | ||
| 080 |
_a658.31 _bEAS |
||
| 110 |
_aIndia. Eastern Law Agency _98323 |
||
| 245 | 0 |
_aTransfer of property act-1882 _cEastern Law Agency |
|
| 260 |
_aAllahabad _bColonelganj Law Publishers _c1975 |
||
| 300 | _a42p. | ||
| 650 | _a Central Government Rules | ||
| 650 | _aOthers Thesaurus | ||
| 942 | _cBK | ||
| 999 |
_c4698 _d4698 |
||